Development of numerical model of piston secondary motion for internal combustion engines (Record no. 574014)

000 -LEADER
fixed length control field 00577nam a22001697a 4500
003 - CONTROL NUMBER IDENTIFIER
control field CEME
005 - DATE AND TIME OF LATEST TRANSACTION
control field 20210628203520.0
008 - FIXED-LENGTH DATA ELEMENTS--GENERAL INFORMATION
fixed length control field 210120b xxu||||| |||| 00| 0 eng d
040 ## - CATALOGING SOURCE
Transcribing agency .
082 ## - DEWEY DECIMAL CLASSIFICATION NUMBER
Classification number 200 THE
100 ## - MAIN ENTRY--PERSONAL NAME
Personal name Mcnally, Conor P, Dr Tian Tian, Dr Victor W.Wong
9 (RLIN) 65947
245 ## - TITLE STATEMENT
Title Development of numerical model of piston secondary motion for internal combustion engines
260 ## - PUBLICATION, DISTRIBUTION, ETC.
Place of publication, distribution, etc. USA
Name of publisher, distributor, etc. MIT
Date of publication, distribution, etc. 2000
300 ## - PHYSICAL DESCRIPTION
Extent 107P
650 ## - SUBJECT ADDED ENTRY--TOPICAL TERM
Topical term or geographic name entry element MS-MECH-MIT.DEVELOPMENT OF NUMERICAL MODEL OF PISTON SECONDARY MOTION FOR INTERNAL COMBUSTION ENGINES
9 (RLIN) 65948
942 ## - ADDED ENTRY ELEMENTS (KOHA)
Koha item type Book
Source of classification or shelving scheme
Holdings
Withdrawn status Lost status Damaged status Not for loan Permanent Location Current Location Shelving location Date acquired Total Checkouts Full call number Barcode Date last seen Price effective from Koha item type
        College of Electrical & Mechanical Engineering (CEME) College of Electrical & Mechanical Engineering (CEME) Reference 07/28/2017   200 THE CEME-45217 06/28/2021 06/28/2021 Book
© 2023 Central Library, National University of Sciences and Technology. All Rights Reserved.